Catálogo - Centro de Recursos para el Aprendizaje y la Investigación
Volver al Sitio - CRAI Biblioteca| 000 -CABECERA | |
|---|---|
| campo de control de longitud fija | 01890nam a2200457Ia 4500 |
| 001 - NÚMERO DE CONTROL | |
| campo de control | 114465 |
| 003 - IDENTIFICADOR DEL NÚMERO DE CONTROL | |
| campo de control | DR-UNIBE |
| 005 - FECHA Y HORA DE LA ÚLTIMA TRANSACCIÓN | |
| campo de control | 20260318113146.0 |
| 008 - DATOS DE LONGITUD FIJA--INFORMACIÓN GENERAL | |
| campo de control de longitud fija | 260316b2024 dr ||||| |||| 00| 0 spa d |
| 020 ## - NÚMERO INTERNACIONAL ESTÁNDAR DEL LIBRO | |
| Número Internacional Estándar del Libro | 9789945629514 |
| 040 ## - FUENTE DE LA CATALOGACIÓN | |
| Centro catalogador/agencia de origen | BIBLIOTECA UNIBE |
| Centro/agencia transcriptor | BIBLIOTECA UNIBE |
| Normas de descripción | rda |
| 041 ## - CÓDIGO DE LENGUA | |
| Código de lengua del texto/banda sonora o título independiente | spa |
| 082 ## - NÚMERO DE LA CLASIFICACIÓN DECIMAL DEWEY | |
| Número de clasificación | RD 860.44 O13p 2024 |
| 245 10 - MENCIÓN DE TÍTULO | |
| Título | Obras premiadas vigesimo octavo concurso de arte y literatura Bancentral 2024 / |
| Mención de responsabilidad, etc. | Jesús Martín Sacristán [y otros dieciséis ] |
| 260 #1 - PUBLICACIÓN, DISTRIBUCIÓN, ETC. | |
| Lugar de publicación, distribución, etc. | Santo Domingo : |
| Nombre del editor, distribuidor, etc. | Banco Central de la República Dominicana, |
| Fecha de publicación, distribución, etc. | 2025 |
| 300 ## - DESCRIPCIÓN FÍSICA | |
| Extensión | 169 páginas : |
| Otras características físicas | ilustraciones |
| 490 ## - MENCIÓN DE SERIE | |
| Mención de serie | Colección Banco Central de la República Dominicana ; |
| Designación de volumen o secuencia | volumen 330 |
| 490 ## - MENCIÓN DE SERIE | |
| Mención de serie | Serie obras premiadas ; |
| Designación de volumen o secuencia | número 28 |
| 650 #7 - PUNTO DE ACCESO ADICIONAL DE MATERIA--TÉRMINO DE MATERIA | |
| Término de materia o nombre geográfico como elemento de entrada | Cuentos dominicanos |
| 9 (RLIN) | 59427 |
| Fuente del encabezamiento o término | lemb |
| 650 #7 - PUNTO DE ACCESO ADICIONAL DE MATERIA--TÉRMINO DE MATERIA | |
| Término de materia o nombre geográfico como elemento de entrada | Literatura dominicana |
| 9 (RLIN) | 59428 |
| Fuente del encabezamiento o término | lemb |
| 650 #7 - PUNTO DE ACCESO ADICIONAL DE MATERIA--TÉRMINO DE MATERIA | |
| Término de materia o nombre geográfico como elemento de entrada | Artes plásticas |
| Fuente del encabezamiento o término | lemb |
| 650 #7 - PUNTO DE ACCESO ADICIONAL DE MATERIA--TÉRMINO DE MATERIA | |
| Término de materia o nombre geográfico como elemento de entrada | Certámenes literarios |
| Fuente del encabezamiento o término | lemb |
| 951 ## - EQUIVALENCIA O REFERENCIA-CRUZADA--NOMBRE GEOGRÁFICO/NOMBRE DE ÁREA [OBSOLETO] [solamente CAN/MARC] | |
| Nombre geográfico | 20070517 08:23:20 |
| 700 ## - PUNTO DE ACCESO ADICIONAL--NOMBRE DE PERSONA | |
| Nombre de persona | Martín Sacristán, Jesús |
| Término indicativo de función/relación | autor |
| 9 (RLIN) | 20231 |
| 700 ## - PUNTO DE ACCESO ADICIONAL--NOMBRE DE PERSONA | |
| Nombre de persona | Marizán, Narda |
| Término indicativo de función/relación | autor |
| 9 (RLIN) | 203422 |
| 700 ## - PUNTO DE ACCESO ADICIONAL--NOMBRE DE PERSONA | |
| Nombre de persona | Javier, Luis |
| Término indicativo de función/relación | autor |
| 9 (RLIN) | 191312 |
| 700 ## - PUNTO DE ACCESO ADICIONAL--NOMBRE DE PERSONA | |
| Nombre de persona | Esteban, Yolanda |
| Término indicativo de función/relación | autor |
| 9 (RLIN) | 20239 |
| 700 ## - PUNTO DE ACCESO ADICIONAL--NOMBRE DE PERSONA | |
| Nombre de persona | Santos de Rosario, Hilda Andreína |
| Término indicativo de función/relación | autor |
| 9 (RLIN) | 20234 |
| 700 ## - PUNTO DE ACCESO ADICIONAL--NOMBRE DE PERSONA | |
| Nombre de persona | García Tejada, Fabiano Antonio |
| Término indicativo de función/relación | autor |
| 9 (RLIN) | 20235 |
| 700 ## - PUNTO DE ACCESO ADICIONAL--NOMBRE DE PERSONA | |
| Nombre de persona | Concepción, Manuel A. |
| Término indicativo de función/relación | autor |
| 9 (RLIN) | 20237 |
| 700 ## - PUNTO DE ACCESO ADICIONAL--NOMBRE DE PERSONA | |
| Nombre de persona | Gil García, Brinnia Mercedes |
| Término indicativo de función/relación | autor |
| 9 (RLIN) | 203423 |
| 700 ## - PUNTO DE ACCESO ADICIONAL--NOMBRE DE PERSONA | |
| Nombre de persona | Fernández García, Rafael Elías |
| Término indicativo de función/relación | autor |
| 9 (RLIN) | 20238 |
| 700 ## - PUNTO DE ACCESO ADICIONAL--NOMBRE DE PERSONA | |
| Nombre de persona | Pérez Hernández, Juan |
| Término indicativo de función/relación | autor |
| 9 (RLIN) | 20243 |
| 700 ## - PUNTO DE ACCESO ADICIONAL--NOMBRE DE PERSONA | |
| Nombre de persona | Río, Jovanny del |
| Término indicativo de función/relación | autor |
| 9 (RLIN) | 20242 |
| 700 ## - PUNTO DE ACCESO ADICIONAL--NOMBRE DE PERSONA | |
| Nombre de persona | Cueto Cabrera, Amarilis |
| Término indicativo de función/relación | autor |
| 9 (RLIN) | 20247 |
| 700 ## - PUNTO DE ACCESO ADICIONAL--NOMBRE DE PERSONA | |
| Nombre de persona | Pérez Báez, Próspero Eloy |
| Término indicativo de función/relación | autor |
| 9 (RLIN) | 20248 |
| 700 ## - PUNTO DE ACCESO ADICIONAL--NOMBRE DE PERSONA | |
| Nombre de persona | Troncoso Hasbún, Gisela del Carmen |
| Término indicativo de función/relación | autor |
| 9 (RLIN) | 20249 |
| 700 ## - PUNTO DE ACCESO ADICIONAL--NOMBRE DE PERSONA | |
| Nombre de persona | Pérez Felipe, Isidro Fernando |
| Término indicativo de función/relación | autor |
| 9 (RLIN) | 203424 |
| 700 ## - PUNTO DE ACCESO ADICIONAL--NOMBRE DE PERSONA | |
| Nombre de persona | Medina de Frías, Luis F. |
| Término indicativo de función/relación | autor |
| 9 (RLIN) | 203425 |
| 942 ## - ELEMENTOS DE PUNTO DE ACCESO ADICIONAL (KOHA) | |
| Tipo de ítem Koha | Libro (general) |
| Fuente del sistema de clasificación o colocación | Sistema de Clasificación Decimal Dewey |
| Estado de retiro | Estado de pérdida | Fuente del sistema de clasificación o colocación | No para préstamo | Código de colección | Localización permanente | Fecha de adquisición | Total de préstamos | Signatura topográfica completa | Código de barras | Fecha visto por última vez | Número de copia | Precio válido a partir de | Tipo de ítem Koha |
|---|---|---|---|---|---|---|---|---|---|---|---|---|---|
| Disponible | Sistema de Clasificación Decimal Dewey | General - Libros dominicanos | Biblioteca Central UNIBE | 18/03/2026 | RD 860.44 O13p 2024 | 260257 | 18/03/2026 | Ej. 1 | 18/03/2026 | Libro (general) |